[Event "BRA-ch U26"]
[Site "Joinville"]
[Date "2023.10.13"]
[Round "6"]
[White "Netto, Rafle Raphael"]
[Black "Vieira, Jeziel Do Vale"]
[Result "0-1"]
[WhiteElo "1782"]
[BlackElo "2044"]
[PlyCount "58"]
[EventDate "2023.10.09"]
[EventType "swiss"]
[EventRounds "6"]
[EventCountry "BRA"]
[SourceTitle "Mega2024 Update 01"]
[Source "Chessbase"]
[SourceDate "2023.11.12"]
[SourceVersion "1"]
[SourceVersionDate "2023.11.12"]
[SourceQuality "1"]

1. e4 c5 2. Nf3 d6 3. d4 cxd4 4. Nxd4 Nf6 5. Nc3 a6 6. Bg5 Nbd7 7. Bc4 Qb6 8. Bb3 e6 9. Qd2 Be7 10. 0-0-0 Nc5 11. f3 Qc7 12. Kb1 0-0 13. g4 Bd7 14. h4 b5 15. a3 Rfb8 16. Bxf6 Bxf6 17. g5 Be7 18. h5 a5 19. Ka1 b4 20. Nb1 a4 21. Bc4 Nxe4 22. fxe4 Qxc4 23. axb4 Qxb4 24. c3 Qb6 25. g6 a3 26. gxf7+ Kh8 27. Nxa3 d5 28. Ka2 Bxa3 29. bxa3 Rxa3+ 0-1

[Event "Titled Tuesday intern op 07th Feb Late"]
[Site "Chess.com INT"]
[Date "2023.02.07"]
[Round "7"]
[White "Jimenez Almeida, Luis David"]
[Black "Vieira, Jeziel Do Vale"]
[Result "1-0"]
[WhiteElo "2241"]
[BlackElo "2015"]
[PlyCount "25"]
[EventDate "2023.02.07"]
[EventType "swiss (blitz)"]
[EventRounds "11"]
[EventCountry "USA"]
[SourceTitle "EXT 2024"]
[Source "ChessBase"]
[SourceDate "2023.10.10"]
[SourceVersion "1"]
[SourceVersionDate "2023.10.10"]
[SourceQuality "1"]

1. e4 c5 2. Nc3 a6 3. Nge2 g6 4. d4 cxd4 5. Qxd4 Nf6 6. e5 Nc6 7. Qf4 Qc7 8. exf6 Qxf4 9. Bxf4 e5 10. Nd5 Bd6 11. Bh6 b5 12. 0-0-0 Bb8 13. Nb6 1-0

[Event "BRA-ch 88th"]
[Site "Recife"]
[Date "2022.12.20"]
[Round "8"]
[White "De Oliveira, Daniel Paiva"]
[Black "Vieira, Jeziel Do Vale"]
[Result "1/2-1/2"]
[WhiteElo "2063"]
[BlackElo "1960"]
[PlyCount "82"]
[EventDate "2022.12.15"]
[EventType "swiss"]
[EventRounds "11"]
[EventCountry "BRA"]
[SourceTitle "CBM 212 Extra"]
[Source "ChessBase"]
[SourceDate "2023.03.31"]
[SourceVersion "1"]
[SourceVersionDate "2023.03.31"]
[SourceQuality "1"]

1. Nf3 Nf6 2. g3 g6 3. Bg2 Bg7 4. 0-0 0-0 5. c4 d6 6. Nc3 c5 7. b3 Nc6 8. Bb2 Rb8 9. d3 a6 10. Qd2 e5 11. Ne1 Be6 12. Nd5 Ne7 13. e4 Nd7 14. Nc2 f5 15. f4 Bh6 16. Qe2 Nc6 17. exf5 Bxf5 18. Nce3 Be6 19. Ng4 Bg7 20. fxe5 dxe5 21. Rxf8+ Qxf8 22. Rf1 Qd6 23. Ndf6+ Nxf6 24. Nxf6+ Kh8 25. Ne4 Qe7 26. Qe3 Nd4 27. Ng5 Bg8 28. Bxd4 cxd4 29. Qd2 b6 30. Be4 Rf8 31. Rxf8 Qxf8 32. Qf2 Qxf2+ 33. Kxf2 Bf6 34. h4 Kg7 35. Bb7 a5 36. Kf3 h6 37. Ne4 Be7 38. Nf2 h5 39. Bd5 Bh7 40. Ne4 g5 41. hxg5 Bf5 1/2-1/2

[Event "BRA-ch 88th"]
[Site "Recife"]
[Date "2022.12.19"]
[Round "7"]
[White "Vieira, Jeziel Do Vale"]
[Black "Canonico, Rodrigo"]
[Result "1-0"]
[WhiteElo "1960"]
[BlackElo "1695"]
[PlyCount "73"]
[EventDate "2022.12.15"]
[EventType "swiss"]
[EventRounds "11"]
[EventCountry "BRA"]
[SourceTitle "CBM 212 Extra"]
[Source "ChessBase"]
[SourceDate "2023.03.31"]
[SourceVersion "1"]
[SourceVersionDate "2023.03.31"]
[SourceQuality "1"]

1. d4 f5 2. e4 fxe4 3. Nc3 Nf6 4. Bg5 g6 5. f3 exf3 6. Nxf3 Bg7 7. Qd2 0-0 8. 0-0-0 d6 9. h3 Be6 10. d5 Bf7 11. Bc4 c5 12. Bh6 a6 13. Bxg7 Kxg7 14. Ng5 b5 15. Nxf7 Rxf7 16. Bd3 b4 17. Ne2 Nbd7 18. Qg5 Ne5 19. Nf4 Nxd3+ 20. Rxd3 Qa5 21. Kb1 Ne4 22. Ne6+ Kh8 23. Qe3 c4 24. Qd4+ Kg8 25. Rf3 Nf6 26. Rhf1 Rb8 27. Qxc4 Qb6 28. g4 h6 29. h4 Rh7 30. Qf4 Rb7 31. g5 hxg5 32. hxg5 Rf7 33. gxf6 exf6 34. Qh6 Rg7 35. Rxf6 Rbf7 36. Qxg7+ Rxg7 37. Rf8+ 1-0

[Event "Teresina Nordeste Cup"]
[Site "Teresina"]
[Date "2022.07.23"]
[Round "3"]
[White "Lobo, Pedro Aluizio de Ab"]
[Black "Vieira, Jeziel Do Vale"]
[Result "0-1"]
[WhiteElo "1537"]
[BlackElo "1829"]
[PlyCount "76"]
[EventDate "2022.07.22"]
[EventType "swiss"]
[EventRounds "6"]
[EventCountry "BRA"]
[SourceTitle "CBM 209 Extra"]
[Source "ChessBase"]
[SourceDate "2022.09.30"]
[SourceVersion "1"]
[SourceVersionDate "2022.09.30"]
[SourceQuality "1"]

1. e4 c5 2. Nf3 d6 3. d4 cxd4 4. Nxd4 Nf6 5. Nc3 a6 6. h3 e5 7. Nb3 Be6 8. Be3 Be7 9. Qd2 0-0 10. f3 b5 11. Nd5 Nxd5 12. exd5 Bh4+ 13. Bf2 Bxf2+ 14. Kxf2 Qb6+ 15. Kg3 Bf5 16. Bd3 Bxd3 17. Qxd3 f5 18. Rhe1 Nd7 19. Rad1 Rf6 20. Kh2 Raf8 21. Re2 Rg6 22. Nd2 Qd8 23. Nf1 e4 24. fxe4 Ne5 25. Qd2 f4 26. Rf2 Qh4 27. Kh1 f3 28. Nh2 Nc4 29. Qd4 Rxg2 30. Rxg2 fxg2+ 31. Kxg2 Qf4 32. Rd3 Ne5 33. Rg3 Qc1 34. Qc3 Qd1 35. Qc7 Qe2+ 36. Kh1 Qxe4+ 37. Rg2 Ng6 38. Qxd6 Nf4 0-1

[Event "Teresina Nordeste Cup"]
[Site "Teresina"]
[Date "2022.07.22"]
[Round "1"]
[White "Branco, Joao Pedro Belaglo"]
[Black "Vieira, Jeziel Do Vale"]
[Result "1-0"]
[WhiteElo "1827"]
[BlackElo "1829"]
[PlyCount "117"]
[EventDate "2022.07.22"]
[EventType "swiss"]
[EventRounds "6"]
[EventCountry "BRA"]
[SourceTitle "CBM 209 Extra"]
[Source "ChessBase"]
[SourceDate "2022.09.30"]
[SourceVersion "1"]
[SourceVersionDate "2022.09.30"]
[SourceQuality "1"]

1. e4 c5 2. Nc3 d6 3. Nf3 Nf6 4. d4 cxd4 5. Nxd4 a6 6. a4 e5 7. Nf3 Be7 8. Be2 0-0 9. 0-0 Nbd7 10. Be3 b6 11. Nd2 Bb7 12. f3 d5 13. exd5 Nxd5 14. Nxd5 Bxd5 15. Nc4 Be6 16. a5 bxa5 17. Nxa5 Qc7 18. Bd3 Nc5 19. Bc4 Rfd8 20. Qe2 Rab8 21. b3 Bf5 22. Kh1 Rbc8 23. Rfe1 Re8 24. b4 Nd7 25. c3 Rb8 26. Rec1 Bf6 27. Ra3 h5 28. Bxa6 e4 29. f4 Bg4 30. Qc4 Qd6 31. Qc6 Qe7 32. Nc4 h4 33. h3 Be6 34. f5 Bxf5 35. Nd6 Ne5 36. Nxf5 Nxc6 37. Nxe7+ Bxe7 38. Rb3 g5 39. Rf1 Kg7 40. Bc4 Bf6 41. Rf5 Re5 42. Rf1 Rb7 43. Ba6 Rd7 44. b5 Nb8 45. Bd4 Rxd4 46. cxd4 Rd5 47. Rd1 Bxd4 48. Bb7 Rd6 49. Bxe4 Bc5 50. Rxd6 Bxd6 51. Rd3 Bc7 52. Bc6 f5 53. Bf3 Kf6 54. Ra3 Ke6 55. Ra7 Kd6 56. Rb7 Nd7 57. Bc6 Nb6 58. Ra7 Bb8 59. Rg7 1-0